000
00361nam a2200145Ia 4500
008
090124s9999 xx 000 0 und d
082
_b
305036
245
_a
झुंबर
250
_a
1
260
_b
संत प्रकाश नारायण
_c
2004
300
_a
151
630
_a
झुंबर
730
_a
झुंबर
942
_c
BOOK
999
_c
194992
_d
194992